000 00289nam a2200097Ia 4500
082 _a320.968|ALEX
245 0 _aThoughts on the new South Africa
100 _a Alexander, Neville Auckland Park, South Africa, 2013
_961506
942 _cBK
008 210817s9999 xx 000 0 und d
999 _c193710
_d193709